SOCIEDAD, POLITICA Y PLANIFICACION EN AMERICA LATINA/

Gespeichert in:
Bibliographische Detailangaben
1. Verfasser: Kaplan, Marcos (autor)
Format: Buch
Schlagworte:
Tags: Tag hinzufügen
Keine Tags, Fügen Sie das erste Tag hinzu!

MARC

LEADER 00000nam^a2200000^a^4500
001 000206658
005 20250521000000.0
009 20260310103154.718
020 |a 968-58-2785-0 
035 |a 028233 
037 |a Acervo Xavier Clavigero 
082 |a 330. 6  |b KAP 
100 |a Kaplan, Marcos  |e (autor) 
245 1 0 |a SOCIEDAD, POLITICA Y PLANIFICACION EN AMERICA LATINA/  |c MARCOS KAPLAN 
264 |a México :  |b UNAM,  |c 1980 
300 |a 253p. 
336 |a texto  |b txt  |2 rdacontenido 
337 |a sin mediación  |b n  |2 rdamedio 
338 |a volumen  |b nc  |2 rdasoporte 
649 |a XX 
650 |a Economía 
910 |a Fondo General 
920 |a Impresos - Libros 
930 |a Colección General 
905 |a 101 
901 |a 028233  |b IT1  |c ACC  |i 028233  |u 20250521 
902 |a https://opac.biblio.iteso.mx/vufind/Record/000206658